[Event "MONTCADA"]
[Site "?"]
[Date "2015.06.28"]
[Round "4.1"]
[White "Lopez Martinez, Josep Manuel"]
[Black "Peralta, Fernando"]
[Result "1/2-1/2"]
[BlackElo "2556"]
[WhiteElo "2536"]
[LiveChessVersion "1.4.6"]

1. e4 {[%clk 1:30:54]} d6 {[%clk 1:30:56]} 2. d4 {[%clk 1:30:58]} Nf6
{[%clk 1:31:21]} 3. f3 {[%clk 1:30:29]} c5 {[%clk 1:30:56]} 4. c3
{[%clk 1:27:53]} e6 {[%clk 1:28:33]} 5. Be3 {[%clk 1:24:25]} Qb6 {[%clk 1:26:10]}
6. Qb3 {[%clk 1:13:38]} d5 {[%clk 1:20:47]} 7. e5 {[%clk 1:10:47]} Nfd7
{[%clk 1:20:08]} 8. f4 {[%clk 1:10:39]} Nc6 {[%clk 1:11:38]} 9. Nf3
{[%clk 1:09:52]} f6 {[%clk 1:11:21]} 10. Nbd2 {[%clk 0:51:30]} c4
{[%clk 1:09:22]} 11. Qxb6 {[%clk 0:51:38]} axb6 {[%clk 1:09:25]} 12. a3
{[%clk 0:51:23]} b5 {[%clk 1:08:51]} 13. Rc1 {[%clk 0:49:23]} Nb6
{[%clk 1:05:59]} 14. Be2 {[%clk 0:46:34]} Na4 {[%clk 1:04:02]} 15. Rc2
{[%clk 0:46:45]} Be7 {[%clk 1:02:32]} 16. O-O {[%clk 0:45:29]} Bd7
{[%clk 0:59:28]} 17. g4 {[%clk 0:41:57]} O-O {[%clk 0:47:52]} 18. exf6
{[%clk 0:40:23]} gxf6 {[%clk 0:45:47]} 19. h3 {[%clk 0:38:34]} Bd6
{[%clk 0:42:28]} 20. Nh4 {[%clk 0:33:42]} Rae8 {[%clk 0:31:08]} 21. Bf3
{[%clk 0:32:39]} Ne7 {[%clk 0:30:40]} 22. Bg2 {[%clk 0:27:52]} Bc7
{[%clk 0:25:58]} 23. Rf2 {[%clk 0:19:30]} Nc8 {[%clk 0:22:25]} 24. Nf1
{[%clk 0:19:14]} Nab6 {[%clk 0:22:11]} 25. f5 {[%clk 0:18:26]} Nd6
{[%clk 0:15:58]} 26. fxe6 {[%clk 0:18:31]} Rxe6 {[%clk 0:14:30]} 27. Bf4
{[%clk 0:18:20]} Bd8 {[%clk 0:10:52]} 28. Ne3 {[%clk 0:12:52]} Ne4
{[%clk 0:09:58]} 29. Rf1 {[%clk 0:13:09]} Bc6 {[%clk 0:06:54]} 30. Nhf5
{[%clk 0:12:42]} Nc8 {[%clk 0:04:03]} 31. Re2 {[%clk 0:12:40]} Rfe8
{[%clk 0:03:18]} 32. Rfe1 {[%clk 0:12:24]} Ncd6 {[%clk 0:02:02]} 33. Bf3
{[%clk 0:05:59]} Nxf5 {[%clk 0:01:20]} 34. Nxf5 {[%clk 0:06:15]} Ng5
{[%clk 0:00:50]} 35. Kg2 {[%clk 0:02:00]} Nxf3 {[%clk 0:01:05]} 36. Kxf3
{[%clk 0:02:24]} Rxe2 {[%clk 0:01:29]} 37. Rxe2 {[%clk 0:02:50]} Rxe2
{[%clk 0:01:54]} 38. Kxe2 {[%clk 0:03:16]} Kf7 {[%clk 0:01:35]} 39. Kf3
{[%clk 0:03:34]} Ke6 {[%clk 0:01:22]} 40. Bb8 {[%clk 0:02:43]} Be7
{[%clk 0:00:45]} 41. Kf4 {[%clk 0:02:16]} Bf8 {[%clk 0:00:56]} 42. h4
{[%clk 0:00:56]} Be8 {[%clk 0:00:52]} 43. h5 {[%clk 0:01:12]} Bd7
{[%clk 0:01:10]} 44. Kf3 {[%clk 0:01:25]} Kf7 {[%clk 0:01:06]} 45. Kf4
{[%clk 0:00:49]} Ke6 {[%clk 0:00:50]} 46. Bc7 {[%clk 0:00:56]} Kf7
{[%clk 0:00:49]} 47. Bb8 1/2-1/2

[Event "MONTCADA"]
[Site "?"]
[Date "2015.06.28"]
[Round "4.2"]
[White "Stopa, Jacek"]
[Black "Alarcon Casellas, Rolando"]
[Result "1-0"]
[BlackElo "2404"]
[WhiteElo "2540"]
[LiveChessVersion "1.4.6"]

1. d4 {[%clk 1:30:58]} Nf6 {[%clk 1:30:37]} 2. c4 {[%clk 1:31:22]} e6
{[%clk 1:31:00]} 3. Nc3 {[%clk 1:31:46]} Bb4 {[%clk 1:31:21]} 4. f3
{[%clk 1:32:12]} O-O {[%clk 1:30:07]} 5. a3 {[%clk 1:31:48]} Bxc3+
{[%clk 1:30:30]} 6. bxc3 {[%clk 1:32:14]} b6 {[%clk 1:29:54]} 7. e4
{[%clk 1:29:15]} Ne8 {[%clk 1:30:12]} 8. Nh3 {[%clk 1:25:59]} Ba6
{[%clk 1:30:23]} 9. Bd3 {[%clk 1:24:57]} Nc6 {[%clk 1:26:19]} 10. Qe2
{[%clk 1:15:27]} Na5 {[%clk 1:24:41]} 11. O-O {[%clk 1:10:08]} c5
{[%clk 1:22:42]} 12. e5 {[%clk 0:56:38]} f5 {[%clk 1:09:41]} 13. d5
{[%clk 0:50:20]} Qh4 {[%clk 0:59:43]} 14. Bg5 {[%clk 0:43:56]} Qh5
{[%clk 0:59:19]} 15. Rad1 {[%clk 0:43:51]} Rf7 {[%clk 0:57:59]} 16. Be3
{[%clk 0:41:53]} Rf8 {[%clk 0:41:55]} 17. Nf4 {[%clk 0:37:58]} Qf7
{[%clk 0:41:40]} 18. h4 {[%clk 0:38:01]} g6 {[%clk 0:32:54]} 19. Nh3
{[%clk 0:31:58]} Ng7 {[%clk 0:28:49]} 20. Bh6 {[%clk 0:29:20]} Qe7
{[%clk 0:21:43]} 21. Bg5 {[%clk 0:29:08]} Qf7 {[%clk 0:20:22]} 22. Nf4
{[%clk 0:25:38]} Rfe8 {[%clk 0:17:33]} 23. d6 {[%clk 0:24:59]} Kh8
{[%clk 0:09:44]} 24. g4 {[%clk 0:22:51]} Rg8 {[%clk 0:07:54]} 25. Bf6
{[%clk 0:21:30]} h6 {[%clk 0:08:06]} 26. Rf2 {[%clk 0:18:56]} Kh7
{[%clk 0:07:24]} 27. Nh3 {[%clk 0:14:04]} Ne8 {[%clk 0:05:52]} 28. Bg5
{[%clk 0:14:25]} Kg7 {[%clk 0:05:16]} 29. Bf4 {[%clk 0:14:04]} Rh8
{[%clk 0:05:20]} 30. Rg2 {[%clk 0:13:23]} Kf8 {[%clk 0:05:12]} 31. Qe3
{[%clk 0:12:41]} Qh7 {[%clk 0:05:10]} 32. h5 {[%clk 0:09:15]} g5 {[%clk 0:02:48]}
33. gxf5 {[%clk 0:09:25]} exf5 {[%clk 0:01:26]} 34. e6 {[%clk 0:08:40]} dxe6
{[%clk 0:00:59]} 35. Bxg5 {[%clk 0:05:56]} Nxd6 {[%clk 0:01:22]} 36. Bf6
{[%clk 0:05:13]} Rg8 {[%clk 0:01:31]} 37. Rxg8+ {[%clk 0:05:35]} Qxg8+ 38. Kh2
Ke8 {[%clk 0:01:04]} 39. Rg1 {[%clk 0:05:27]} Qf7 {[%clk 0:01:33]} 40. Qxh6
{[%clk 0:05:50]} Qf8 {[%clk 0:00:34]} 41. Bg7 {[%clk 0:05:51]} Qe7
{[%clk 0:00:44]} 42. Qh8+ {[%clk 0:04:37]} Kd7 {[%clk 0:01:13]} 43. Qxa8
{[%clk 0:04:57]} Nc8 {[%clk 0:01:40]} 44. Qb8 {[%clk 0:04:17]} Bb7
{[%clk 0:01:46]} 45. Be5 {[%clk 0:04:17]} 1-0

[Event "MONTCADA"]
[Site "?"]
[Date "2015.06.28"]
[Round "4.3"]
[White "Narciso Dublan, Marc"]
[Black "Valles Moreno, Ivan"]
[Result "1-0"]
[BlackElo "2418"]
[WhiteElo "2532"]
[LiveChessVersion "1.4.6"]

1. d4 Nf6 2. c4 g6 3. Nc3 Bg7 4. e4 d6 5. Be2 O-O 6. Nf3 Nbd7 7. Be3 e5 8. d5 Ng4
9. Bd2 f5 10. exf5 Nc5 11. O-O gxf5 12. b4 Ne4 13. Nxe4 fxe4 14. Ng5 e3 15. Bxg4
Qxg5 16. Be6+ Bxe6 17. Bxe3 Qf5 18. dxe6 Qxe6 19. Qd5 Qxd5 20. cxd5 Rf7 21. Rac1
b5 22. Rc2 h5 23. g3 a5 24. Rb1 Kh7 25. bxa5 b4 26. Rxb4 Rxa5 27. Rb7 Rxd5 28.
Rcxc7 Rxc7 29. Rxc7 Kg6 30. a4 Bf6 31. Kg2 Rd3 32. a5 Bd8 33. Ra7 d5 34. Ra8 Be7
35. a6 d4 36. a7 dxe3 37. Rg8+ Kf5 38. a8=Q e2 39. Qc8+ Ke4 40. Qc4+ Kf5 41. Qc8+
1-0

[Event "MONTCADA"]
[Site "?"]
[Date "2015.06.28"]
[Round "4.4"]
[White "Sundararajan, Kidambi"]
[Black "Alonso Rosell, Alvar"]
[Result "1/2-1/2"]
[BlackElo "2528"]
[WhiteElo "2427"]
[LiveChessVersion "1.4.6"]

1. c4 {[%clk 1:30:53]} c5 {[%clk 1:30:55]} 2. g3 {[%clk 1:31:11]} g6
{[%clk 1:31:20]} 3. Bg2 {[%clk 1:31:27]} Bg7 {[%clk 1:31:48]} 4. Nc3
{[%clk 1:31:43]} Nc6 {[%clk 1:32:13]} 5. Nf3 {[%clk 1:30:18]} e5 {[%clk 1:32:39]}
6. a3 {[%clk 1:29:38]} Nge7 {[%clk 1:30:51]} 7. Rb1 {[%clk 1:29:56]} a5
{[%clk 1:30:52]} 8. O-O {[%clk 1:28:50]} d6 {[%clk 1:31:06]} 9. d3
{[%clk 1:29:10]} O-O {[%clk 1:31:30]} 10. Bd2 {[%clk 1:29:24]} h6
{[%clk 1:28:03]} 11. Ne1 {[%clk 1:29:37]} Be6 {[%clk 1:27:46]} 12. Nc2
{[%clk 1:29:54]} d5 {[%clk 1:23:03]} 13. cxd5 {[%clk 1:30:15]} Nxd5
{[%clk 1:23:28]} 14. Ne3 {[%clk 1:28:20]} Nde7 {[%clk 1:23:10]} 15. Nc4
{[%clk 1:21:59]} b6 {[%clk 0:51:59]} 16. Nb5 {[%clk 1:12:16]} Nd5
{[%clk 0:43:27]} 17. Nc3 {[%clk 1:02:53]} Nde7 {[%clk 0:39:33]} 18. Nb5
{[%clk 0:56:05]} Nd5 {[%clk 0:33:56]} 19. Nc3 {[%clk 0:56:16]} Nde7
{[%clk 0:27:18]} 1/2-1/2

[Event "MONTCADA"]
[Site "?"]
[Date "2015.06.28"]
[Round "4.5"]
[White "Del Rio De Angelis, Salvador G"]
[Black "Munoz Pantoja, Miguel"]
[Result "1/2-1/2"]
[BlackElo "2411"]
[WhiteElo "2498"]
[LiveChessVersion "1.4.6"]

1. d4 {[%clk 1:30:55]} c5 {[%clk 1:30:46]} 2. d5 {[%clk 1:31:03]} Nf6
{[%clk 1:31:06]} 3. c4 {[%clk 1:31:17]} g6 {[%clk 1:31:29]} 4. Nc3
{[%clk 1:31:04]} Bg7 {[%clk 1:31:52]} 5. e4 {[%clk 1:31:08]} O-O {[%clk 1:32:14]}
6. Nge2 {[%clk 1:30:57]} d6 {[%clk 1:31:59]} 7. Ng3 {[%clk 1:31:08]} e6
{[%clk 1:31:42]} 8. Be2 {[%clk 1:31:01]} exd5 {[%clk 1:26:57]} 9. cxd5
{[%clk 1:31:03]} Ne8 {[%clk 1:26:09]} 10. O-O {[%clk 1:29:42]} Nd7
{[%clk 1:26:17]} 11. Be3 {[%clk 1:27:59]} a6 {[%clk 1:26:39]} 12. a4
{[%clk 1:28:15]} Nc7 {[%clk 1:26:12]} 13. Qd2 {[%clk 1:25:49]} Rb8
{[%clk 1:26:09]} 14. Bg5 {[%clk 1:20:52]} f6 {[%clk 1:25:27]} 15. Bh6
{[%clk 1:20:23]} Bxh6 {[%clk 1:24:05]} 16. Qxh6 {[%clk 1:20:38]} Ne5
{[%clk 1:23:43]} 17. f4 {[%clk 1:19:26]} Nf7 {[%clk 1:23:17]} 18. Qh4
{[%clk 1:19:49]} b5 {[%clk 1:23:24]} 19. axb5 {[%clk 1:13:50]} axb5
{[%clk 1:23:28]} 20. Bg4 {[%clk 1:04:54]} b4 {[%clk 1:16:37]} 1/2-1/2

[Event "MONTCADA"]
[Site "?"]
[Date "2015.06.28"]
[Round "4.6"]
[White "Asis Gargatagli, Hipolito"]
[Black "Puranik, Abhimanyu"]
[Result "1-0"]
[BlackElo "2307"]
[WhiteElo "2472"]
[LiveChessVersion "1.4.6"]

1. e4 {[%clk 1:30:57]} e5 {[%clk 1:30:54]} 2. Nf3 {[%clk 1:31:18]} Nc6
{[%clk 1:31:16]} 3. Bb5 {[%clk 1:31:39]} a6 {[%clk 1:31:39]} 4. Ba4
{[%clk 1:32:04]} Nf6 {[%clk 1:32:03]} 5. O-O {[%clk 1:32:24]} b5 {[%clk 1:32:26]}
6. Bb3 {[%clk 1:32:50]} Bc5 {[%clk 1:32:50]} 7. Nc3 {[%clk 1:32:56]} O-O
{[%clk 1:31:19]} 8. d3 {[%clk 1:33:17]} h6 {[%clk 1:31:34]} 9. Nd5
{[%clk 1:33:12]} Na5 {[%clk 1:28:33]} 10. Nxe5 {[%clk 1:27:08]} Nxb3
{[%clk 1:28:56]} 11. axb3 {[%clk 1:27:31]} Nxd5 {[%clk 1:29:20]} 12. exd5
{[%clk 1:27:48]} Bb7 {[%clk 1:23:45]} 13. d4 {[%clk 1:14:09]} Bb6
{[%clk 1:22:09]} 14. c4 {[%clk 1:14:10]} d6 {[%clk 1:21:01]} 15. Nc6
{[%clk 0:56:16]} Bxc6 {[%clk 1:19:14]} 16. dxc6 {[%clk 0:55:46]} Qe8
{[%clk 1:15:25]} 17. d5 {[%clk 0:35:23]} Qe4 {[%clk 1:13:56]} 18. Re1
{[%clk 0:32:29]} Qh4 {[%clk 1:13:37]} 19. Be3 {[%clk 0:31:53]} Bxe3
{[%clk 1:13:23]} 20. Rxe3 {[%clk 0:32:19]} bxc4 {[%clk 1:13:45]} 21. Ra4
{[%clk 0:28:09]} Qf6 {[%clk 1:13:38]} 22. Rxc4 {[%clk 0:28:35]} Rfe8
{[%clk 1:11:32]} 23. Rce4 {[%clk 0:19:06]} Rxe4 {[%clk 1:11:05]} 24. Rxe4
{[%clk 0:19:34]} Rb8 {[%clk 1:08:51]} 25. g3 {[%clk 0:18:19]} g6 {[%clk 1:04:45]}
26. Qd2 {[%clk 0:10:40]} Kg7 {[%clk 1:03:25]} 27. Re3 {[%clk 0:09:29]} Rb5
{[%clk 1:01:30]} 28. h4 {[%clk 0:08:54]} h5 {[%clk 1:01:04]} 29. Kg2
{[%clk 0:07:12]} a5 {[%clk 0:53:49]} 30. Qd3 {[%clk 0:04:57]} Rb6
{[%clk 0:50:04]} 31. Re8 {[%clk 0:03:07]} Rb4 {[%clk 0:41:23]} 32. Rc8
{[%clk 0:02:15]} Rd4 {[%clk 0:36:05]} 33. Qc3 {[%clk 0:02:26]} Qe5
{[%clk 0:35:12]} 34. Rxc7 {[%clk 0:02:47]} Rxd5 {[%clk 0:34:35]} 35. Qc4
{[%clk 0:02:03]} Qd4 {[%clk 0:33:18]} 36. Qxd4+ {[%clk 0:02:08]} Rxd4
{[%clk 0:33:41]} 37. Rxf7+ 1-0

[Event "MONTCADA"]
[Site "?"]
[Date "2015.06.28"]
[Round "4.7"]
[White "Swapnil, S. Dhopade"]
[Black "Buscara, Sevan"]
[Result "0-1"]
[BlackElo "2366"]
[WhiteElo "2453"]
[LiveChessVersion "1.4.6"]

1. d4 {[%clk 1:30:57]} d5 {[%clk 1:30:52]} 2. Nf3 {[%clk 1:30:58]} Nf6
{[%clk 1:31:08]} 3. c4 {[%clk 1:31:22]} c6 {[%clk 1:31:15]} 4. g3
{[%clk 1:31:06]} Bf5 {[%clk 1:29:01]} 5. Nc3 {[%clk 1:30:29]} e6 {[%clk 1:28:18]}
6. Nh4 {[%clk 1:30:40]} Bg4 {[%clk 1:25:07]} 7. f3 Bh5 {[%clk 1:22:50]} 8. Qb3
{[%clk 1:30:20]} Qb6 {[%clk 1:15:59]} 9. c5 {[%clk 1:30:29]} Qc7 {[%clk 1:15:06]}
10. Bf4 {[%clk 1:30:13]} Qc8 {[%clk 1:14:06]} 11. e4 {[%clk 1:29:46]} Be7
{[%clk 1:05:27]} 12. Bd6 {[%clk 1:21:47]} g5 {[%clk 0:55:29]} 13. Bxe7
{[%clk 1:09:27]} Kxe7 {[%clk 0:55:47]} 14. g4 {[%clk 1:09:51]} Bg6
{[%clk 0:52:40]} 15. Nxg6+ {[%clk 1:05:04]} hxg6 {[%clk 0:53:05]} 16. e5
{[%clk 0:58:12]} Nfd7 {[%clk 0:49:54]} 17. Na4 {[%clk 0:50:55]} Kf8
{[%clk 0:43:20]} 18. Qe3 {[%clk 0:37:45]} Qd8 {[%clk 0:41:48]} 19. Kf2
{[%clk 0:37:30]} b6 {[%clk 0:40:14]} 20. Rc1 {[%clk 0:37:45]} Kg7
{[%clk 0:37:37]} 21. Kg2 {[%clk 0:32:19]} f6 {[%clk 0:27:51]} 22. Bd3
{[%clk 0:31:38]} fxe5 {[%clk 0:25:27]} 23. dxe5 {[%clk 0:32:06]} Qe7
{[%clk 0:20:58]} 24. a3 {[%clk 0:26:53]} b5 {[%clk 0:17:56]} 25. Nc3
{[%clk 0:26:00]} Na6 {[%clk 0:15:46]} 26. b4 {[%clk 0:24:03]} Nc7
{[%clk 0:15:45]} 27. Ne2 {[%clk 0:24:30]} a5 {[%clk 0:14:38]} 28. Nd4
{[%clk 0:24:58]} Ra6 {[%clk 0:13:06]} 29. bxa5 {[%clk 0:24:22]} Qf7
{[%clk 0:07:55]} 30. Qxg5 {[%clk 0:22:41]} Rxa5 {[%clk 0:08:08]} 31. Rc3
{[%clk 0:09:37]} Ra4 {[%clk 0:06:05]} 32. Nxc6 {[%clk 0:05:14]} d4
{[%clk 0:06:15]} 33. Rcc1 {[%clk 0:05:20]} Nd5 {[%clk 0:06:24]} 34. Be4
{[%clk 0:04:24]} Nf4+ {[%clk 0:06:08]} 35. Kf1 {[%clk 0:04:49]} Rxa3
{[%clk 0:04:40]} 36. Nxd4 {[%clk 0:04:46]} Nxc5 {[%clk 0:03:53]} 37. Bb1
{[%clk 0:03:58]} Rc8 {[%clk 0:00:43]} 38. h4 {[%clk 0:03:51]} Ne4
{[%clk 0:00:43]} 39. Nf5+ {[%clk 0:00:55]} exf5 {[%clk 0:00:43]} 40. Qxf4
{[%clk 0:01:23]} Rxc1+ {[%clk 0:00:37]} 41. Qxc1 {[%clk 0:01:50]} Rxf3+
{[%clk 0:00:44]} 42. Ke1 {[%clk 0:01:45]} Qa7 {[%clk 0:00:40]} 43. Bxe4
{[%clk 0:01:34]} fxe4 {[%clk 0:00:38]} 44. Rf1 {[%clk 0:01:52]} Re3+
{[%clk 0:00:37]} 45. Kd1 {[%clk 0:02:04]} Qd4+ {[%clk 0:00:56]} 0-1

[Event "MONTCADA"]
[Site "?"]
[Date "2015.06.28"]
[Round "4.8"]
[White "Grigoryan, Karen H."]
[Black "Satyapragyan, Swayangsu"]
[Result "1/2-1/2"]
[BlackElo "2392"]
[WhiteElo "2590"]
[LiveChessVersion "1.4.6"]

1. e4 {[%clk 1:30:04]} c5 {[%clk 1:30:32]} 2. c3 {[%clk 1:30:18]} Nf6
{[%clk 1:30:27]} 3. e5 {[%clk 1:30:02]} Nd5 {[%clk 1:30:52]} 4. d4
{[%clk 1:30:24]} cxd4 {[%clk 1:31:19]} 5. Nf3 {[%clk 1:30:22]} e6
{[%clk 1:31:42]} 6. cxd4 {[%clk 1:30:47]} d6 {[%clk 1:32:07]} 7. Bc4
{[%clk 1:30:45]} Nc6 {[%clk 1:32:08]} 8. O-O {[%clk 1:31:07]} Be7
{[%clk 1:32:03]} 9. Qe2 {[%clk 1:30:56]} O-O {[%clk 1:29:57]} 10. Rd1
{[%clk 1:30:21]} Na5 {[%clk 1:12:15]} 11. Bd3 {[%clk 1:27:36]} b6
{[%clk 1:05:33]} 12. Qe4 {[%clk 1:27:10]} g6 {[%clk 1:05:44]} 13. Bh6
{[%clk 1:27:26]} Re8 {[%clk 1:05:39]} 14. Nbd2 {[%clk 1:25:21]} Bb7
{[%clk 1:04:10]} 15. Qg4 {[%clk 1:22:16]} dxe5 {[%clk 1:01:33]} 16. Nxe5
{[%clk 1:22:13]} Bf8 {[%clk 0:53:08]} 17. Bg5 {[%clk 1:19:20]} f6
{[%clk 0:51:18]} 18. Bh4 {[%clk 1:18:50]} Qc7 {[%clk 0:46:27]} 19. Nef3
{[%clk 1:09:37]} f5 {[%clk 0:42:34]} 20. Qg3 {[%clk 1:07:47]} Qxg3
{[%clk 0:36:55]} 21. Bxg3 {[%clk 1:06:29]} Rac8 {[%clk 0:35:53]} 22. Ne5
{[%clk 1:04:44]} a6 {[%clk 0:31:24]} 23. a3 {[%clk 0:55:55]} Bh6 {[%clk 0:28:05]}
24. Nef3 {[%clk 0:55:10]} b5 {[%clk 0:24:33]} 25. Be5 {[%clk 0:45:48]} Nb6
{[%clk 0:22:31]} 26. Rab1 1/2-1/2

[Event "MONTCADA"]
[Site "?"]
[Date "2015.06.28"]
[Round "4.9"]
[White "Gurevich, Daniel"]
[Black "Lalic, Bogdan"]
[Result "1/2-1/2"]
[BlackElo "2483"]
[WhiteElo "2368"]
[LiveChessVersion "1.4.6"]

1. d4 {[%clk 1:30:59]} e6 {[%clk 1:21:27]} 2. Nf3 {[%clk 1:31:06]} Nf6
{[%clk 1:21:16]} 3. g3 {[%clk 1:31:25]} b6 {[%clk 1:20:59]} 4. Bg2
{[%clk 1:31:46]} Bb7 {[%clk 1:21:22]} 5. c4 {[%clk 1:32:07]} Be7 {[%clk 1:21:36]}
6. Nc3 {[%clk 1:32:09]} Ne4 {[%clk 1:19:20]} 7. Qc2 {[%clk 1:32:36]} Nxc3
{[%clk 1:19:40]} 8. Qxc3 {[%clk 1:33:04]} O-O {[%clk 1:19:44]} 9. O-O
{[%clk 1:33:31]} c5 {[%clk 1:18:37]} 10. b3 {[%clk 1:33:45]} cxd4
{[%clk 1:17:09]} 11. Nxd4 {[%clk 1:34:07]} Bxg2 {[%clk 1:17:33]} 12. Kxg2
{[%clk 1:34:33]} Nc6 {[%clk 1:17:56]} 13. Bb2 {[%clk 1:33:00]} Bf6
{[%clk 1:16:27]} 14. Qd2 {[%clk 1:33:14]} Bxd4 {[%clk 1:16:03]} 15. Bxd4
{[%clk 1:33:34]} d5 {[%clk 1:16:29]} 16. Rfd1 {[%clk 1:27:08]} dxc4
{[%clk 1:15:41]} 17. Qc3 {[%clk 1:25:36]} Qd5+ {[%clk 1:13:33]} 18. f3
{[%clk 1:24:10]} Nxd4 {[%clk 1:13:56]} 19. Rxd4 {[%clk 1:24:17]} Qe5
{[%clk 1:14:16]} 20. Qxc4 {[%clk 1:22:26]} Rac8 {[%clk 1:14:40]} 21. Qd3
{[%clk 1:22:32]} g6 {[%clk 1:14:55]} 22. Rd1 {[%clk 1:22:13]} Rc7
{[%clk 1:15:09]} 23. Kf2 {[%clk 1:15:05]} Rfc8 {[%clk 1:15:06]} 24. Rd8+
{[%clk 1:15:10]} Rxd8 {[%clk 1:15:10]} 25. Qxd8+ {[%clk 1:15:38]} Kg7
{[%clk 1:15:32]} 26. Qd4 {[%clk 1:15:49]} Qxd4+ {[%clk 1:15:50]} 1/2-1/2

[Event "MONTCADA"]
[Site "?"]
[Date "2015.06.28"]
[Round "4.10"]
[White "Sharma, Dinesh K."]
[Black "Thejkumar, M. S."]
[Result "0-1"]
[BlackElo "2461"]
[WhiteElo "2362"]
[LiveChessVersion "1.4.6"]

1. e4 {[%clk 1:30:57]} c6 {[%clk 1:21:41]} 2. d4 {[%clk 1:31:15]} d5
{[%clk 1:22:04]} 3. e5 {[%clk 1:31:23]} Bf5 {[%clk 1:22:09]} 4. Nf3
{[%clk 1:31:39]} e6 {[%clk 1:22:27]} 5. Be2 {[%clk 1:31:59]} Ne7 {[%clk 1:22:32]}
6. O-O {[%clk 1:30:20]} c5 {[%clk 1:22:45]} 7. c4 {[%clk 1:29:16]} Nbc6
{[%clk 1:20:45]} 8. Nc3 {[%clk 1:28:10]} dxc4 {[%clk 1:17:55]} 9. Bxc4
{[%clk 1:20:22]} Nxd4 {[%clk 0:53:36]} 10. Nb5 {[%clk 1:03:57]} Nec6
{[%clk 0:52:01]} 11. Nbxd4 {[%clk 1:03:36]} cxd4 {[%clk 0:51:44]} 12. Bb5
{[%clk 1:02:08]} Bc5 {[%clk 0:47:22]} 13. b4 {[%clk 0:59:44]} Bb6
{[%clk 0:46:11]} 14. Bb2 {[%clk 0:57:32]} O-O {[%clk 0:38:22]} 15. Bxc6
{[%clk 0:54:02]} bxc6 {[%clk 0:38:32]} 16. Nxd4 {[%clk 0:50:26]} Be4
{[%clk 0:37:59]} 17. Re1 {[%clk 0:49:07]} Qd5 {[%clk 0:29:55]} 18. Nf3
{[%clk 0:27:16]} Rfd8 {[%clk 0:24:52]} 19. Qe2 {[%clk 0:25:38]} Bxf3
{[%clk 0:24:30]} 20. gxf3 {[%clk 0:26:01]} Qd2 {[%clk 0:24:46]} 21. Rad1
{[%clk 0:25:43]} Qxb4 {[%clk 0:24:38]} 22. Kg2 {[%clk 0:25:25]} Rd5
{[%clk 0:24:36]} 23. Rxd5 {[%clk 0:25:37]} cxd5 {[%clk 0:24:56]} 24. Rc1
{[%clk 0:26:03]} h6 {[%clk 0:23:32]} 25. Rc2 {[%clk 0:26:20]} Rd8
{[%clk 0:22:16]} 26. Bc1 {[%clk 0:26:19]} Qa4 {[%clk 0:21:21]} 27. Qd3
{[%clk 0:26:08]} Bd4 {[%clk 0:20:58]} 28. Bb2 {[%clk 0:26:00]} Bxb2
{[%clk 0:20:45]} 29. Rxb2 {[%clk 0:26:27]} Qf4 {[%clk 0:19:46]} 30. Qe3
{[%clk 0:25:16]} Qh4 {[%clk 0:16:04]} 31. Rb7 {[%clk 0:23:54]} d4
{[%clk 0:16:07]} 32. Qd2 {[%clk 0:24:17]} d3 {[%clk 0:15:19]} 33. Rb2
{[%clk 0:24:26]} Qd4 {[%clk 0:15:06]} 34. Rb3 {[%clk 0:24:18]} Rd5
{[%clk 0:14:30]} 35. f4 {[%clk 0:24:20]} a5 {[%clk 0:13:34]} 36. h3
{[%clk 0:23:41]} a4 {[%clk 0:13:03]} 37. Rb1 {[%clk 0:23:29]} Rc5
{[%clk 0:11:30]} 38. Rb8+ {[%clk 0:21:20]} Kh7 {[%clk 0:11:54]} 39. Rb4
{[%clk 0:21:48]} Qd5+ {[%clk 0:11:59]} 40. Kg3 {[%clk 0:22:17]} Rc2
{[%clk 0:12:08]} 0-1